[Event "Velden op"]
[Site "Velden"]
[Date "1995.??.??"]
[Round "3"]
[White "Dueckstein, Andreas"]
[Black "Horvath, Jozsef"]
[Result "0-1"]
[WhiteElo "2345"]
[BlackElo "2510"]

1.e4 c5 2.Nf3 Nc6 3.Bb5 g6 4.O-O Bg7 5.c3 Nf6 6.Re1 O-O 7.d4 d5 8.exd5 Qxd5
9.c4 Qd6 10.dxc5 Qxd1 11.Rxd1 Ne4 12.Na3 Nb4 13.Ne1 a6 14.Ba4 Nxc5 15.Bc2 Be6
16.Be3 Nxc2 17.Nexc2 Na4 18.Nd4 Nxb2 19.Rdc1 Bd7 20.Rab1 e5 21.Ne2 e4 22.Nd4 Nd3
23.Rd1 Ba4 24.Rf1 Rfd8 25.Nb3 Rac8 26.f3 Bf8 27.c5 exf3 28.Rxf3 Nxc5 29.Nc4 Nxb3
30.axb3 Bc6 31.Rf2 Rd3 32.Bb6 Bd5  0-1

[Event "EU-ch U14"]
[Site "Verdun"]
[Date "1995.??.??"]
[Round "6"]
[White "Fressinet, Laurent"]
[Black "Shinkevich, Vitaly"]
[Result "0-1"]
[WhiteElo "2135"]
[BlackElo "2435"]

1.e4 c5 2.Nf3 Nc6 3.Bb5 g6 4.O-O Bg7 5.Re1 e5 6.Bxc6 dxc6 7.d3 Qe7 8.Nbd2 Nh6
9.Nc4 f6 10.a4 Nf7 11.Be3 Be6 12.b3 h5 13.Nh4 Rg8 14.Nxg6 Qd7 15.Bxc5 Bh6
16.Ne7 Rg5 17.Nf5 Bxf5 18.exf5 Qd5 19.g3 Qxc5 20.d4 Qd5 21.h4 Rg4 22.dxe5 O-O-O
23.e6 Qc5 24.Qf3 Bf4 25.Kf1 Ne5 26.Nxe5 Bxe5 27.Rac1 Qd5 28.Qxd5 cxd5 29.Rcd1 Rd4
30.Rxd4 Bxd4 31.Rd1 Bc5 32.f3 Kc7 33.Kg2 Kd6 34.g4 Be3 35.Rd3 d4 36.c3 Ke5
37.cxd4+ Bxd4 38.g5 Rg8 39.f4+ Ke4 40.Rd1 Bb6 41.Re1+ Kxf5 42.Kf3 Re8  0-1

[Event "Vienna op"]
[Site "Vienna"]
[Date "1995.??.??"]
[Round "9"]
[White "Robovic, Saudin"]
[Black "Stanec, Nikolaus"]
[Result "1/2-1/2"]
[WhiteElo "2410"]
[BlackElo "2480"]

1.e4 c5 2.Nf3 Nc6 3.Bb5 e6 4.O-O Nge7 5.c3 a6 6.Ba4 b5 7.Bc2 d5 8.e5 d4 9.Be4 Bb7
10.cxd4 cxd4 11.d3 Ng6 12.a4 Qb6 13.axb5 axb5 14.Rxa8+ Bxa8 15.Nbd2 Be7 16.Nb3 O-O
17.Re1 Rd8 18.Bd2 Rd7 19.h4 Bb7 20.h5 Nf8 21.Nh2 Nb4 22.Ng4 Bxe4 23.Rxe4 Nd5
24.Qf3 Ra7 25.Qg3 f5 26.exf6 Nxf6 27.Nh6+ Kh8 28.Nf7+ Kg8 29.Nh6+  1/2-1/2

[Event "Viernheim"]
[Site "Viernheim"]
[Date "1995.??.??"]
[Round "9"]
[White "Grund, Holger"]
[Black "Rausis, Igors"]
[Result "1-0"]
[WhiteElo "2335"]
[BlackElo "2515"]

1.e4 c5 2.Nf3 Nc6 3.Bb5 d6 4.d4 cxd4 5.Qxd4 Bd7 6.Bxc6 Bxc6 7.Nc3 Nf6 8.Bg5 e6
9.O-O-O Be7 10.Rhe1 Qa5 11.Qd2 O-O-O 12.Kb1 Kb8 13.Nd4 Rd7 14.f3 Rc8 15.Nb3 Qa6
16.Qd4 h6 17.Bh4 Ka8 18.Bf2 b6 19.Qe3 Bb7 20.Rd4 Rc4 21.a4 Rdc7 22.Rxc4 Rxc4
23.Rd1 Rc8 24.Bg3 Ne8 25.Nd4 Qc4 26.Ndb5 Bc6 27.Na3 Qc5 28.Qd2 Qb4 29.Ncb5 Qxd2
30.Rxd2 d5 31.exd5 Bxd5 32.c4 Bc6 33.Nc2 a6 34.Nbd4 Bb7 35.b3 Rd8 36.Re2 Bc5
37.Bf2 a5 38.Kb2 Nc7 39.Kc3 Na6 40.Re5 Rd7 41.Re2 Kb8 42.Bg3+ Kc8 43.Nb5 Rd1
44.Rd2 Rxd2 45.Kxd2 Kd7 46.Ne1 f6 47.Nd3 Be7 48.Bf2 Nc5 49.Nxc5+ Bxc5 50.Bxc5 bxc5
51.Ke3 g5 52.Nc3 f5 53.Nd1 f4+ 54.Ke2 Ke7 55.Nf2 h5 56.Nd3 Kd6 57.h4 gxh4
58.Nxf4 Ke5 59.Ke3 Kf5 60.Nxh5 e5 61.Ng7+ Kf6 62.Ne8+ Ke7 63.Nc7 Kf6 64.Nb5 Bc6
65.Nd6 Bd7 66.Ne4+ Ke7 67.Nxc5 Bf5 68.Ne4 Kd7 69.f4 exf4+ 70.Kxf4 h3 71.gxh3 Bxh3
72.Ke5 Kc6 73.Kd4 Be6 74.Nd2 Bh3 75.Ke5 Bg2 76.Nb1 Kb6 77.Kd6 Bh3  1-0

[Event "Villalba op"]
[Site "Villalba"]
[Date "1995.??.??"]
[Round "5"]
[White "Duncan, Patrick"]
[Black "Del Rio de Angeles, Gabriel"]
[Result "0-1"]
[WhiteElo "2130"]
[BlackElo "2365"]

1.e4 c5 2.Nf3 Nc6 3.Bb5 e5 4.O-O Nge7 5.Re1 g6 6.Bf1 Bg7 7.d3 O-O 8.Be3 b6
9.Qd2 Re8 10.c4 d6 11.Bh6 Bg4 12.Bxg7 Kxg7 13.Be2 Bxf3 14.Bxf3 Nd4 15.Bg4 a6
16.Nc3 b5 17.Nd5 bxc4 18.dxc4 Nxd5 19.exd5 f5 20.Be2 Rb8 21.Rab1 Qb6 22.Bf1 Qb4
23.Qxb4 Rxb4 24.Red1 Reb8 25.Rd2 Ra4 26.b3 Rab4 27.Rdb2 a5 28.a3 Rxb3 29.Rxb3 Rxb3
30.Rxb3 Nxb3 31.Be2 Nd2 32.a4 e4 33.f4 Nb1 34.Bd1 Nc3 35.Bc2 Ne2+ 36.Kf2 Nxf4
37.g3 Nh3+ 38.Ke3 Kf6 39.g4 Ke5 40.gxf5 gxf5 41.Bb1 f4+ 42.Ke2 Kd4 43.Kf1 f3
44.Ke1 h5 45.Kf1 h4 46.Ke1 Ng5 47.Kf1 Kxc4 48.h3 Kxd5  0-1

[Event "LTU-ch"]
[Site "Vilnius"]
[Date "1995.??.??"]
[Round "1"]
[White "Samulevicius, Tomas"]
[Black "Zapolskis, Antanas"]
[Result "1/2-1/2"]
[WhiteElo "2110"]
[BlackElo "2360"]

1.e4 c5 2.Nf3 Nc6 3.Bb5 e6 4.O-O Nge7 5.c3 a6 6.Ba4 b5 7.Bc2 d5 8.exd5 Nxd5
9.d4 Nf6 10.dxc5 Qxd1 11.Rxd1 Bxc5 12.Nbd2 Bb7 13.Ne4 Nxe4 14.Bxe4 Na5 15.Bxb7 Nxb7
16.a4 b4 17.cxb4 Bxb4 18.Bd2 Bxd2 19.Rxd2 O-O 20.b4 Rfd8 21.Rc1 Rxd2 22.Nxd2 Rd8
23.Nf3 a5 24.bxa5 Nxa5 25.Kf1 f6 26.Rc5 Nb7 27.Rc7 Na5  1/2-1/2

[Event "LTU-ch"]
[Site "Vilnius"]
[Date "1995.??.??"]
[Round "1"]
[White "Sulskis, Sarunas"]
[Black "Gedgaudas, Raimundas"]
[Result "1-0"]
[WhiteElo "2470"]
[BlackElo "2225"]

1.e4 c5 2.Nf3 Nc6 3.Bb5 Nf6 4.e5 Nd5 5.O-O Nc7 6.Bxc6 dxc6 7.h3 g6 8.d3 Bg7
9.Be3 Ne6 10.c3 O-O 11.d4 cxd4 12.cxd4 f5 13.Nc3 f4 14.Bc1 g5 15.Ne4 h6 16.b3 Qd5
17.Qd3 Nc7 18.Ba3 Bf5 19.Rfe1 Qf7 20.Qc4 Nd5 21.Nc3 Rfd8 22.Nxd5 Rxd5 23.Rad1 e6
24.Nd2 Rad8 25.Bc5 a6 26.f3 Bf8 27.Ne4 Bxe4 28.fxe4 R5d7 29.Bb6 Re8 30.Rd3  1-0

[Event "LTU-ch"]
[Site "Vilnius"]
[Date "1995.??.??"]
[Round "5"]
[White "Sarakauskas, Gediminas"]
[Black "Dambrauskas, Virginijus"]
[Result "1-0"]
[WhiteElo "2160"]
[BlackElo "2340"]

1.e4 c5 2.Nf3 Nc6 3.Bb5 Na5 4.c3 a6 5.Ba4 b5 6.Bc2 d5 7.d4 dxe4 8.Bxe4 Bb7
9.Bxb7 Nxb7 10.O-O e6 11.Ne5 Nf6 12.Bg5 Qd5 13.Bxf6 gxf6 14.Ng4 Be7 15.Ne3 Qd7
16.Qf3 cxd4 17.cxd4 O-O 18.d5 f5 19.Nc3 b4 20.Ne2 Bf6 21.Rad1 Qb5 22.Nd4 Qb6
23.dxe6 Bxd4 24.Nxf5 Bxb2 25.Nh6+ Kg7 26.Qg4+ Kh8 27.Nxf7+ Rxf7 28.exf7  1-0

[Event "LTU-ch"]
[Site "Vilnius"]
[Date "1995.??.??"]
[Round "8"]
[White "Sulskis, Giedrius"]
[Black "Kondroska, Vaidotas"]
[Result "1/2-1/2"]
[WhiteElo "2045"]
[BlackElo "2080"]

1.e4 c5 2.Nf3 Nc6 3.Bb5 g6 4.O-O Bg7 5.c3 e5 6.d3 Qb6 7.Ba4 Nge7 8.Nbd2 O-O
9.Nc4 Qc7 10.Be3 a6 11.Bxc6 bxc6 12.Bxc5 d5 13.Nb6 Rb8 14.Nxc8 Rfxc8 15.Qe2 f5
16.Rfe1 Re8 17.b4 h6 18.h4 Bf6 19.a4 Kg7 20.a5 g5 21.h5 f4 22.Nh2 Kh8 23.Ng4 Ng8
24.Qf3 Qd7 25.Re2 Bg7 26.Rd1 Nf6 27.Nxf6 Bxf6 28.d4 g4 29.Qd3 Qf7 30.exd5 Qxh5
31.Rde1 f3 32.Re3 Bh4 33.Qf1 g3 34.Rxf3 gxf2+ 35.Rxf2 Bg3 36.Qd3 Qh2+ 37.Kf1 Bxf2
38.Kxf2 Qf4+ 39.Kg1 e4 40.Qh3 cxd5 41.Rf1 Qg5 42.Bd6 Rb7 43.Bf4 Qg6 44.Be5+ Kh7
45.Rf6 Qg5 46.Rf5 Qg6  1/2-1/2

[Event "Vinkovci"]
[Site "Vinkovci"]
[Date "1995.??.??"]
[Round "?"]
[White "Keitlinghaus, Ludger"]
[Black "Kurajica, Bojan"]
[Result "0-1"]
[WhiteElo "2495"]
[BlackElo "2585"]

1.e4 c5 2.Nf3 Nc6 3.Bb5 e6 4.O-O Nge7 5.c3 a6 6.Ba4 b5 7.Bc2 Bb7 8.a4 Ng6
9.Re1 Be7 10.d4 cxd4 11.axb5 axb5 12.Rxa8 Qxa8 13.Nxd4 b4 14.Nb5 O-O 15.Be3 Nce5
16.cxb4 Bxb4 17.N1c3 Bc6 18.Qd4 Qa5 19.Nd6 Ng4 20.Nc4 Qh5 21.h3 Nxe3 22.Nxe3 Bc5
23.Qc4 Ne5 24.Qf1 Rb8 25.Rb1 Qg5 26.Qe2 h5 27.Kh1 Ng6 28.Ba4 Bxe3 29.fxe3 Rb4
30.Bxc6 dxc6 31.Rd1 c5 32.Ra1 Ne5 33.Ra8+ Kh7 34.Rc8 Nc4 35.Nd1 Nd6 36.Rc7 Nxe4
37.Qf3 f5 38.Nc3 Nxc3 39.bxc3 Re4 40.Rxc5 Rxe3 41.Qf2 Re4 42.Qf3 h4 43.Kh2 Re3  0-1

[Event "Vladivostok op"]
[Site "Vladivostok"]
[Date "1995.??.??"]
[Round "5"]
[White "Nikolenko, Oleg"]
[Black "Cherniaev, Alexander"]
[Result "1/2-1/2"]
[WhiteElo "2480"]
[BlackElo "2450"]

1.e4 c5 2.Nf3 Nc6 3.Bb5 e6 4.O-O Nge7 5.Re1 a6 6.Bxc6 Nxc6 7.d4 cxd4 8.Nxd4 d6
9.Nc3 Bd7 10.Nxc6 Bxc6 11.Qg4 h5 12.Qg3 h4 13.Qg4 h3 14.g3 Qa5 15.Bg5 Kd7
16.Rad1 f6 17.Bf4 Qh5 18.Qxh5 Rxh5 19.Rd3 Rd8 20.g4 Rh7 21.f3 g5 22.Bg3 Ke8
23.a3 Rhd7  1/2-1/2

[Event "Vladivostok op"]
[Site "Vladivostok"]
[Date "1995.??.??"]
[Round "7"]
[White "Webb, Laurence"]
[Black "Ivanov, Timur"]
[Result "1/2-1/2"]
[WhiteElo "2240"]
[BlackElo "2425"]

1.e4 c5 2.Nf3 Nc6 3.Bb5 e6 4.O-O Nge7 5.Nc3 a6 6.Bxc6 Nxc6 7.d4 cxd4 8.Nxd4 d6
9.Nxc6 bxc6 10.b3 Be7 11.Bb2 O-O 12.Ne2 d5 13.Ng3 f6 14.c4 Bb7 15.Rc1 Qd7
16.exd5 cxd5 17.cxd5 Bxd5 18.Qe2 a5 19.Qg4 Rf7 20.Ne2 Bf8 21.Nf4 e5 22.Qxd7 Rxd7
23.Nxd5 Rxd5 24.Rfd1 Rad8 25.Rxd5 Rxd5 26.Bc3 Ba3 27.Rb1 Bb4 28.Bxb4 axb4
29.Kf1 Rd2 30.Rc1 Rxa2 31.Rc4 g5 32.g4 Kg7 33.Rxb4 Kg6 34.Rb6 Rb2 35.Kg2 h5
36.gxh5+ Kxh5  1/2-1/2

[Event "Vladivostok2 op"]
[Site "Vladivostok"]
[Date "1995.??.??"]
[Round "8"]
[White "Arkhipov, Sergey"]
[Black "Isupov, Vladimir"]
[Result "0-1"]
[WhiteElo "2520"]
[BlackElo "2380"]

1.e4 c5 2.Nf3 Nc6 3.Bb5 d6 4.O-O Bd7 5.c3 Nf6 6.Re1 a6 7.Bxc6 Bxc6 8.d4 Bxe4
9.Bg5 Bd5 10.Nbd2 e6 11.c4 Bxf3 12.Qxf3 cxd4 13.Bxf6 gxf6 14.Qxb7 Bg7 15.Qc6+ Ke7
16.Nb3 f5 17.Rad1 Qb8 18.Qf3 Qb4 19.Qxf5 Qxc4 20.Rc1 Qb4 21.Qg4 Kf8 22.Qf3 Re8
23.Red1 Qb8 24.Nxd4 Bxd4 25.Rxd4 Qxb2 26.Rc7 Qb1+ 27.Rd1  0-1

[Event "Vladivostok op"]
[Site "Vladivostok"]
[Date "1995.??.??"]
[Round "9"]
[White "Webb, Laurence"]
[Black "Iskusnyh, Sergei"]
[Result "1/2-1/2"]
[WhiteElo "2240"]
[BlackElo "2425"]

1.e4 c5 2.Nf3 Nc6 3.Bb5 g6 4.O-O Bg7 5.Re1 Nf6 6.e5 Nd5 7.Nc3 Nc7 8.Bxc6 dxc6
9.Ne4 Ne6 10.d3 O-O 11.Be3 b6 12.Qd2 Nd4 13.Nxd4 cxd4 14.Bh6 c5 15.Qg5 Bb7
16.Qh4 Bxh6 17.Qxh6 Qd5 18.f3 f6 19.exf6 exf6 20.Re2 Qd7 21.Rae1 Bxe4 22.Rxe4 Rae8
23.Qf4 Rxe4 24.Qxe4 Kf7 25.Qh4 Kg7 26.Qe4 Qa4 27.c3 Qxa2 28.cxd4 Qxb2 29.dxc5 bxc5
30.Qe7+ Rf7 31.Qxc5 Qd2 32.Qe3 Qxe3+ 33.Rxe3 Rd7 34.d4 Kf7 35.Ra3 Ke6 36.Ra5  1/2-1/2

[Event "Vladivostok op"]
[Site "Vladivostok"]
[Date "1995.??.??"]
[Round "9"]
[White "Cherniaev, Alexander"]
[Black "Ivanov, Timur"]
[Result "1/2-1/2"]
[WhiteElo "2450"]
[BlackElo "2425"]

1.e4 c5 2.Nf3 Nc6 3.Bb5 e6 4.O-O Nge7 5.Re1 a6 6.Bxc6 Nxc6 7.d4 cxd4 8.Nxd4 d6
9.Nc3 Bd7 10.Nxc6 bxc6 11.b3 Be7 12.Qg4 O-O 13.Bh6 Bf6 14.e5 dxe5 15.Ne4 Kh8
16.Rad1 gxh6 17.Nxf6 Qxf6 18.Rxd7 Rad8 19.Ra7 Rd2 20.Qg3 Rxc2 21.Rxa6 Rg8
22.Qe3 Qf4 23.h3 Qxe3 24.Rxe3 Rg5 25.Ra5 Kg7 26.a3 c5 27.b4 cxb4 28.axb4 Rb2
29.Rb5 Rb1+ 30.Kh2 Rb2 31.Kg1 Rb1+ 32.Kh2 Rb2 33.Kg1  1/2-1/2

[Event "AUT-ch"]
[Site "Voitsberg"]
[Date "1995.??.??"]
[Round "1"]
[White "Weinzettl, Ernst"]
[Black "Loebler, Heimo"]
[Result "1-0"]
[WhiteElo "2390"]
[BlackElo "2250"]

1.e4 c5 2.Nf3 Nc6 3.Bb5 g6 4.Bxc6 dxc6 5.h3 e5 6.d3 f6 7.Be3 Nh6 8.Qd2 Nf7
9.a4 a5 10.O-O g5 11.Nh2 b6 12.c3 Ra7 13.Rd1 Rd7 14.Qc2 Ba6 15.c4 Bc8 16.Nc3 h5
17.Ne2 Nh6 18.Ng3 h4 19.Ngf1 Rd6 20.f3 f5 21.exf5 Bxf5 22.Ra3 Rh7 23.Qd2 Be7
24.Bf2 Bf6 25.Ne3 Bg6 26.Nhg4 Nxg4 27.Nxg4 Rhd7 28.Qe3 Bg7 29.Re1 Re6 30.Qc1 Bxd3
31.Be3 Rg6 32.Bf2 Qe7 33.Rb3 b5 34.cxb5 c4 35.bxc6 Rxc6 36.Rb5 c3 37.Rb8+ Kf7
38.bxc3 Rdc7 39.Qe3 Rxc3 40.Qb6 Rc2 41.Qb3+  1-0

[Event "AUT-ch"]
[Site "Voitsberg"]
[Date "1995.??.??"]
[Round "13"]
[White "Lendwai, Reinhard"]
[Black "Hoelzl, Franz"]
[Result "1/2-1/2"]
[WhiteElo "2385"]
[BlackElo "2390"]

1.e4 c5 2.Nf3 Nc6 3.Bb5 Nf6 4.Nc3 g6 5.Qe2 a6 6.Bxc6 dxc6 7.h3 Nh5 8.d3 Ng7
9.Bh6 Ne6 10.Bxf8 Kxf8 11.Qe3 Kg7 12.Ne2 Qb6 13.O-O-O Rd8 14.h4 h6 15.Kb1 a5
16.Ne5 Qc7 17.f4 a4 18.Nf3 a3  1/2-1/2

[Event "SLO-ch"]
[Site "Vrhnika"]
[Date "1995.??.??"]
[Round "?"]
[White "Barle, Janez"]
[Black "Jeric, Simon"]
[Result "1-0"]
[WhiteElo "2450"]
[BlackElo "2405"]

1.e4 c5 2.Nf3 Nc6 3.Bb5 g6 4.c3 a6 5.Bxc6 dxc6 6.d3 Bg7 7.O-O e5 8.Be3 Qe7
9.b4 cxb4 10.cxb4 Qxb4 11.Nbd2 Be6 12.Rb1 Qe7 13.Qc2 f6 14.Bc5 Qf7 15.d4 exd4
16.Nxd4 O-O-O 17.Nxc6 bxc6 18.Qa4 Ne7 19.Bxe7 Qxe7 20.Qxc6+ Qc7 21.Qxe6+ Rd7
22.Rfc1  1-0

[Event "SLO-ch"]
[Site "Vrhnika"]
[Date "1995.??.??"]
[Round "?"]
[White "Barle, Janez"]
[Black "Jelen, Igor"]
[Result "1/2-1/2"]
[WhiteElo "2450"]
[BlackElo "2400"]

1.e4 c5 2.Nf3 Nc6 3.Bb5 g6 4.c3 Bg7 5.O-O Nf6 6.Qe2 O-O 7.Rd1 e5 8.d3 Qe7
9.Bg5 h6 10.Bxf6 Qxf6 11.Nbd2 Ne7 12.Bc4 Qc6 13.a4 Kh7 14.d4 cxd4 15.cxd4 exd4
16.Nb3 d5 17.exd5 Nxd5 18.Nbxd4 Nf4 19.Qc2 Qf6 20.Qe4 Bg4 21.h3 Rfe8 22.Qxb7 Rab8
23.Qxa7 Nxh3+ 24.gxh3 Bxf3 25.Nxf3 Qxf3 26.Qe3  1/2-1/2

[Event "SLO-ch"]
[Site "Vrhnika"]
[Date "1995.??.??"]
[Round "?"]
[White "Kolar, Srecko"]
[Black "Podlesnik, Bogdan"]
[Result "0-1"]
[WhiteElo "2230"]
[BlackElo "2395"]

1.e4 c5 2.Nf3 Nc6 3.Bb5 e6 4.O-O Nge7 5.b3 Nd4 6.Nxd4 cxd4 7.Bb2 Nc6 8.c3 Bc5
9.Qh5 Qb6 10.Bxc6 bxc6 11.Qg4 O-O 12.e5 f5 13.exf6 Rxf6 14.cxd4 Bd6 15.d3 Ba6
16.Qe2 Qb5 17.Nd2 Qxd3 18.Qxd3 Bxd3 19.Rfd1 Raf8 20.f3 Rh6 21.h3 Bg3 22.Nf1 Bxf1
23.Kxf1 Bd6 24.Rac1 Rh5 25.Bc3 Rb8 26.Be1 Rb6 27.Rc2 Rd5 28.Ke2 Kf7 29.Bf2 Ra6
30.Be1 Be7 31.f4 Bd6 32.g3 Ra3 33.Rd3 Rb5 34.Bd2 Ke7 35.Ke3 Rb6 36.Bc1 Ra5
37.Rdd2 Rba6 38.Re2 Rf5 39.h4 Rd5 40.Ke4 h5 41.Be3 Kf6 42.Bf2 Bc7 43.Be1 Rb6
44.Rg2 Rb8 45.Rc4 Bb6 46.Rgc2 Rb5 47.Ra4 a5 48.Bf2 Rc8 49.Kf3 Kf5 50.Rac4 Rd5
51.Be3 Ra8 52.Ra4 Rb5 53.Bd2 Ra6 54.Be1 Ba7 55.Re2 Bb6 56.Bc3 Ra7 57.Re5+ Kg6
58.Rc4 Ra8 59.Ra4 Rd5 60.Rc4 Kf6 61.Bb2 Rc8 62.Rc2 Bc7 63.Rg5 Bd6 64.Ke4 Kf7
65.Rf2 g6 66.Bc3 Ra8 67.g4 Be7 68.gxh5 Bxg5 69.hxg6+ Kxg6 70.fxg5 Rf5 71.Rh2 Rh8
72.Bd2 Kh5 73.Bf4 Rhf8 74.Be3 Rf1 75.Bd2 R1f3 76.Be3 R8f5 77.Rg2 d5+ 78.Kd3 e5
79.g6 e4+ 80.Ke2 Rf8 81.Bg5 Rg8 82.Rg1 Rxg6 83.Rc1 Rh3 84.b4 axb4 85.Rb1 Rh2+
86.Ke3 Rxa2 87.Rxb4 Kg4 88.Rb1 Ra3+  0-1

[Event "Wattens op"]
[Site "Wattens"]
[Date "1995.??.??"]
[Round "?"]
[White "Natter, Siegfried"]
[Black "Burger, Anton"]
[Result "1-0"]
[WhiteElo "2035"]
[BlackElo "1730"]

1.e4 c5 2.Nf3 Nc6 3.Bb5 Qc7 4.O-O e6 5.d3 a6 6.Bxc6 Qxc6 7.Re1 d6 8.a4 Nf6
9.Nbd2 g6 10.e5 dxe5 11.Nxe5 Qd5 12.Ndc4 Qd8 13.Qf3 Bg7 14.Bg5 h6 15.Bxf6 Qxf6
16.Nd6+  1-0

[Event "Wattens op"]
[Site "Wattens"]
[Date "1995.??.??"]
[Round "?"]
[White "Kuba, Guenter"]
[Black "Ramroth, Stefan"]
[Result "1-0"]
[WhiteElo "2150"]
[BlackElo "1940"]

1.e4 c5 2.Nf3 Nc6 3.Bb5 g6 4.O-O Bg7 5.c3 Nf6 6.Re1 O-O 7.e5 Nd5 8.d4 cxd4
9.cxd4 d6 10.Nc3 dxe5 11.Bxc6 bxc6 12.Nxe5 c5 13.Nc6 Nxc3 14.bxc3 Qc7 15.Nxe7+ Kh8
16.Ba3  1-0

[Event "NBG Open Weilburg"]
[Site "Weilburg"]
[Date "1995.??.??"]
[Round "2"]
[White "Margolin, Boris"]
[Black "Schuh, Karsten"]
[Result "1-0"]
[WhiteElo "2410"]
[BlackElo "2090"]

1.e4 c5 2.Nf3 Nc6 3.Bb5 e6 4.O-O Nd4 5.Nxd4 cxd4 6.d3 Nf6 7.Nd2 a6 8.Ba4 b5
9.Bb3 Bb7 10.Nf3 Qb6 11.c3 dxc3 12.bxc3 d5 13.e5 Nd7 14.d4 a5 15.Bc2 Ba6
16.Ng5 Qc7 17.Re1 Nb6 18.Re3 Be7 19.Rg3 g6 20.Qf3 Bd8 21.h4 Bc8 22.h5 gxh5
23.Nxh7 Ra7 24.Nf6+ Bxf6 25.Qxf6 Rf8 26.Bh6  1-0

[Event "NBG Open Weilburg"]
[Site "Weilburg"]
[Date "1995.??.??"]
[Round "2"]
[White "Kersten, Uwe"]
[Black "Kuhn, Manfred"]
[Result "1-0"]
[WhiteElo "2320"]
[BlackElo "2250"]

1.e4 c5 2.Nf3 Nc6 3.Bb5 e6 4.O-O Nge7 5.Re1 g6 6.c3 Bg7 7.d4 Qb6 8.Na3 cxd4
9.cxd4 O-O 10.d5 Nd4 11.Be3 Nxf3+ 12.Qxf3 Qa5 13.Bc5 Re8 14.Nc4 Qd8 15.Qa3 b6
16.Bxb6 axb6 17.Qxa8 Rf8 18.d6 Nc6 19.Bxc6 dxc6 20.Qxc6  1-0

[Event "Werfen op"]
[Site "Werfen"]
[Date "1995.??.??"]
[Round "1"]
[White "Zontakh, Andrey"]
[Black "Heil, Walter"]
[Result "1-0"]
[WhiteElo "2460"]
[BlackElo "2085"]

1.e4 c5 2.Nf3 Nc6 3.Bb5 g6 4.Bxc6 bxc6 5.O-O Bg7 6.Re1 e5 7.c3 Ne7 8.d4 cxd4
9.cxd4 exd4 10.Nxd4 O-O 11.Nc3 Rb8 12.b3 c5 13.Nde2 d6 14.Bf4 Rb6 15.Qd2 Be6
16.Rad1 Qc8 17.Bxd6 Rd8 18.Qf4 Rd7 19.e5 Rb4 20.Qe3 Rg4 21.h3 Rh4 22.Qxc5 Nc6
23.Nd5  1-0

[Event "Werfen op-B"]
[Site "Werfen"]
[Date "1995.??.??"]
[Round "9"]
[White "Taschner, Peter"]
[Black "Hochmayr, Georg"]
[Result "1-0"]
[WhiteElo "1835"]
[BlackElo "1695"]

1.e4 c5 2.Nf3 Nc6 3.Bb5 d6 4.O-O Bd7 5.c3 Nf6 6.Re1 e6 7.d4 cxd4 8.cxd4 Be7
9.Nc3 O-O 10.e5 Ne8 11.a3 a6 12.Bd3 g6 13.b4 b5 14.Ne4 dxe5 15.dxe5 Ng7 16.Be3 Nf5
17.Bc5 Re8 18.Rc1 Bxc5 19.Rxc5 Kg7 20.Nf6 Re7 21.Be4 Nxe5 22.Nxe5 Kxf6 23.Bxa8  1-0

[Event "Sonnevanck"]
[Site "Wijk aan Zee"]
[Date "1995.??.??"]
[Round "4"]
[White "Glek, Igor V"]
[Black "Wells, Peter K"]
[Result "0-1"]
[WhiteElo "2590"]
[BlackElo "2530"]

1.e4 c5 2.Nf3 Nc6 3.Bb5 g6 4.O-O Bg7 5.Re1 Nf6 6.e5 Nd5 7.Nc3 Nc7 8.Bxc6 dxc6
9.Ne4 b6 10.Nf6+ Kf8 11.Ne4 Bg4 12.h3 Bxf3 13.Qxf3 Ne6 14.d3 Qd5 15.Bd2 Rd8
16.Bc3 Bxe5 17.Nxc5 Qxf3 18.Nxe6+ fxe6 19.Bxe5 Qd5 20.Bxh8 c5 21.Re4 Kf7
22.Bc3 b5 23.b3 Rc8 24.Rae1 c4 25.dxc4 bxc4 26.b4 Qd7 27.Bd4 c3 28.Bc5 Qd5
29.R4e3 Qxa2 30.Rxc3 a5 31.Rf3+ Ke8 32.c3 a4 33.Bd4 a3 34.Bg7 Qd2 35.Rfe3 a2
36.Rxe6 a1=Q 37.Rxa1 Kf7 38.Rae1 Kxg7 39.Rxe7+ Kh6 40.R1e4  0-1

[Event "Sonnevanck-A"]
[Site "Wijk aan Zee"]
[Date "1995.??.??"]
[Round "7"]
[White "Rogers, Ian"]
[Black "Van den Doel, Erik"]
[Result "1-0"]
[WhiteElo "2570"]
[BlackElo "2305"]

1.e4 c5 2.Nf3 Nc6 3.Bb5 g6 4.O-O Bg7 5.c3 Nf6 6.Qe2 O-O 7.h3 Qc7 8.d4 a6
9.Ba4 cxd4 10.cxd4 d5 11.e5 Ne4 12.Nbd2 Bf5 13.Rd1 Rfd8 14.Nf1 f6 15.Bf4 fxe5
16.Bh2 Qb6 17.g4 Be6 18.dxe5 Rf8 19.Bb3 Qa5 20.N1d2 Nxd2 21.Nxd2 Nd4 22.Qe3 Qc5
23.Ne4 dxe4 24.Qxd4 Qc6 25.Rdc1  1-0

[Event "Hoogovens op"]
[Site "Wijk aan Zee"]
[Date "1995.??.??"]
[Round "7"]
[White "Lutz, Christopher"]
[Black "Piket, Jeroen"]
[Result "1/2-1/2"]
[WhiteElo "2560"]
[BlackElo "2670"]

1.e4 c5 2.Nf3 Nc6 3.Bb5 g6 4.O-O Bg7 5.Re1 Nf6 6.e5 Nd5 7.Nc3 Nc7 8.Bxc6 dxc6
9.Ne4 b6 10.Nf6+ Kf8 11.Ne4 Bg4 12.d3 Ne6 13.Ned2 Qd5 14.h3 Bxf3 15.Nxf3 Rd8
16.Qe2 h6 17.Be3 Kg8 18.c4 Qxd3 19.Qxd3 Rxd3 20.Rad1 Rxd1 21.Rxd1 f5 22.exf6 Bxf6
23.Rd7 Kf7 24.Rxa7 Bxb2 25.Rb7 Ra8 26.Rxb6 Rxa2 27.Rxc6 Ra1+ 28.Kh2 Ra4 29.Bxc5 Rxc4
30.Rb6 Bf6  1/2-1/2

[Event "Sonnevanck-B"]
[Site "Wijk aan Zee"]
[Date "1995.??.??"]
[Round "8"]
[White "Los, Sander"]
[Black "De Vreugt, Dennis"]
[Result "1-0"]
[WhiteElo "2365"]
[BlackElo "2270"]

1.e4 c5 2.Nf3 Nc6 3.Bb5 g6 4.O-O Bg7 5.c3 Nf6 6.Re1 O-O 7.h3 e5 8.Na3 d6
9.d4 cxd4 10.cxd4 exd4 11.Bf4 Re8 12.Nxd4 Bd7 13.Bxc6 bxc6 14.Qd3 d5 15.e5 Ne4
16.Qe3 c5 17.Nf3 Bc6 18.Rad1 Qb6 19.Qc1 a5 20.Nd2 Nxd2 21.Rxd2 Rac8 22.Nc2 Bb7
23.Ne3 Qe6 24.Red1 Red8 25.Nc4 Bf8 26.Nxa5 Ba8 27.Nc4 Re8 28.Nd6 Bxd6 29.exd6 d4
30.Bg3 Qd5 31.f3 Red8 32.Re2 d3 33.Re7 Rxd6 34.Bxd6 Qxd6 35.Qe3 c4 36.Re8+ Rxe8
37.Qxe8+ Kg7 38.Qxa8 Qd4+ 39.Kf1 Qxb2 40.Qe4 Qc2 41.Qd4+ Kh6 42.Qf4+ g5 43.Qf6+ Kh5
44.Qxf7+ Kh4 45.Qxh7+ Kg3 46.Qc7+ Kh4 47.Re1 d2 48.g3+ Kxh3 49.Qd7+  1-0

[Event "Sonnevanck"]
[Site "Wijk aan Zee"]
[Date "1995.??.??"]
[Round "9"]
[White "Glek, Igor V"]
[Black "Bosch, Jeroen"]
[Result "1-0"]
[WhiteElo "2590"]
[BlackElo "2425"]

1.e4 c5 2.Nf3 Nc6 3.Bb5 d6 4.O-O Bd7 5.Re1 Nf6 6.c3 a6 7.Bf1 Bg4 8.d4 cxd4
9.cxd4 e5 10.d5 Nd4 11.Be3 Nxf3+ 12.gxf3 Bh5 13.Nd2 Be7 14.Nc4 O-O 15.Bh3 b5
16.Nd2 Nd7 17.Nf1 Bg6 18.Ng3 h5 19.Kh1 h4 20.Nf5 Bxf5 21.Bxf5 g6 22.Rg1 Kg7
23.f4 Rh8 24.fxe5 dxe5 25.d6 Bf6 26.Rc1 Kf8 27.Bh3  1-0

[Event "Bayern-ch"]
[Site "Wuerzburg"]
[Date "1995.??.??"]
[Round "2"]
[White "Maier, Alexander"]
[Black "Bensch, Patrick"]
[Result "1-0"]
[WhiteElo "2270"]
[BlackElo "2255"]

1.e4 c5 2.Nf3 Nc6 3.Bb5 g6 4.Bxc6 dxc6 5.h3 Bg7 6.d3 Nf6 7.Nc3 O-O 8.Be3 b6
9.Qd2 Qc7 10.Bf4 Qb7 11.Bh6 c4 12.Bxg7 Kxg7 13.e5 Ng8 14.dxc4 Be6 15.b3 b5
16.c5 b4 17.Ne2 Bd5 18.Qe3 Nh6 19.Nh4 e6 20.Nf4 Qe7 21.Qg3 Kh8 22.Nd3 Nf5
23.Nxf5 gxf5 24.f3 Rg8 25.Qf2 Qg5 26.g4 fxg4 27.hxg4 a5 28.Rh5 Qg7 29.Ke2 f6
30.Rah1 Ra7 31.Rxh7+ Qxh7 32.Rxh7+ Rxh7 33.exf6 Rg6 34.Nf4 Rxf6 35.Qd4 Rf7
36.g5 e5 37.Qxe5  1-0

[Event "Yalta op"]
[Site "Yalta"]
[Date "1995.??.??"]
[Round "4"]
[White "Golubev, Mihail"]
[Black "Mansurov, Viacheslav"]
[Result "1-0"]
[WhiteElo "2525"]
[BlackElo "2400"]

1.e4 c5 2.Nf3 Nc6 3.Bb5 g6 4.O-O Bg7 5.Re1 Nf6 6.e5 Nd5 7.Nc3 Nc7 8.Bxc6 dxc6
9.Ne4 Ne6 10.d3 O-O 11.Be3 b6 12.Qd2 Nd4 13.Nxd4 cxd4 14.Bh6 Qd5 15.Bxg7 Kxg7
16.Qg5 Qe6 17.Qh4 h6 18.Ng3 c5 19.f4 Re8 20.h3 Qd5 21.Re2 Bd7 22.Rae1 Kh7
23.b3 Rac8 24.Rf1 Bf5 25.e6 f6 26.Nxf5 gxf5 27.Qh5 Rg8 28.Kh2 Rcd8 29.Rf3 Rg6
30.Rg3 Rxg3 31.Kxg3 Rg8+ 32.Kh2 Rg6 33.Re4 Rg7 34.g4 Rg6 35.Qxf5 Qxf5 36.gxf5 Rg8
37.Re2 Rd8 38.Kg3 Rd5 39.Kg4 Kg7 40.Rg2 Kh7 41.h4 h5+ 42.Kf3 Rd8 43.Rg1 Kh6
44.Ke4 a5 45.a3 b5 46.Ra1 Rd6 47.b4 cxb4 48.a4 bxa4 49.Rxa4 Rc6 50.Rxa5 Rxc2
51.Rb5 Re2+ 52.Kxd4 Rh2 53.Rxb4 Rxh4 54.Kd5 Rg4 55.Kc6 h4 56.Kd7 Rg7 57.d4 Kh5
58.Rb1 Rh7 59.Rg1 h3 60.d5 h2 61.Rh1 Kg4 62.d6 exd6+ 63.e7 Kg3 64.Kxd6 Rh8
65.Kd7 Kxf4 66.Rf1+  1-0

[Event "RUS-sf"]
[Site "Yaroslavl"]
[Date "1995.??.??"]
[Round "7"]
[White "Borisenko, Andrei"]
[Black "Shabanov, Yuri"]
[Result "1/2-1/2"]
[WhiteElo "2420"]
[BlackElo "2430"]

1.e4 c5 2.Nf3 Nc6 3.Bb5 d6 4.O-O Bd7 5.c3 a6 6.Bxc6 Bxc6 7.Re1 Nf6 8.d4 cxd4
9.cxd4 Bxe4 10.Bg5 Bxf3 11.Qxf3 Qa5 12.Nc3 Qxg5 13.Qxb7 Rd8 14.Qc6+ Rd7 15.d5 e6
16.dxe6 fxe6 17.Rxe6+ Be7 18.Rae1 O-O 19.h4 Qxh4 20.g3 Qh3 21.Rxe7 Ng4 22.Qd5+ Kh8
23.Qh1 Qxh1+ 24.Kxh1 Nxf2+ 25.Kg2 Rxe7 26.Rxe7 h6 27.Rd7 Ng4 28.Rxd6 Ne3+
29.Kh3 Rf1 30.Rd2 g5 31.Kh2 Ng4+  1/2-1/2